000 00915nam a2200253Ia 4500
003 OSt
005 20221005112508.0
006 a|||||r|||| 00| 0
007 ta
008 221004b |||||||| |||| 00| 0 pan d
020 _a9789350687826 (hbk)
_c200
024 _a14104
037 _b879, 18/08/2014, H.K. Prakashan
_cTextual
040 _aCRL
_cCRL
_bpan
041 _2pan
_apan
082 _aQ4:4198.27392, 153Q4
100 _aਹਿੱਸੋਵਾਲ, ਜਗਤਾਰ ਸਿੰਘ
245 0 _aਬੋਧ ਗਯਾ ਤੋ੍ਵ ਗਿਆਨ ਦੀ ਧਾਰਾ
260 _aਚੰਡੀਗੜ
_bਲੋਕਗੀਤ ਪ੍ਰਕਾFਨ ਭਾਰਤ
_c2014
300 _a150ਪੰ
_ccm.
650 _aਧਰਮ
942 _hQ4:4198.27392, 153Q4
_cTEXL
_2cc
999 _c1025054
_d1025054